Statistics for 東海道五十三次

Click here to take the quiz!

General Stats

  • This quiz has been taken 479 times
  • The average score is 28 of 53

Answer Stats

Prov.Answer% Correct
相模国小田原
92%
武蔵国川崎
90%
武蔵国品川
89%
伊豆国三島
89%
駿河国沼津
89%
遠江国浜松
89%
相模国平塚
85%
相模国戸塚
84%
相模国藤沢
84%
相模国箱根
84%
遠江国掛川
82%
武蔵国神奈川
77%
相模国大磯
77%
近江国草津
74%
三河国岡崎
74%
近江国大津
73%
武蔵国保土ヶ谷
73%
伊勢国四日市
71%
駿河国島田
69%
伊勢国桑名
67%
駿河国藤枝
66%
駿河国吉原
65%
遠江国金谷
64%
駿河国由比
64%
駿河国興津
62%
駿河国
62%
伊勢国亀山
62%
駿河国蒲原
62%
伊勢国
59%
遠江国袋井
58%
三河国二川
45%
遠江国新居
42%
遠江国舞阪
42%
三河国吉田
33%
近江国水口
31%
尾張国
31%
尾張国鳴海
30%
三河国赤坂
29%
駿河国府中
28%
三河国御油
27%
三河国池鯉鮒
27%
近江国土山
26%
三河国藤川
26%
近江国石部
22%
駿河国岡部
20%
駿河国鞠子
18%
駿河国江尻
17%
遠江国日坂
16%
伊勢国石薬師
15%
遠江国見付
15%
遠江国白須賀
14%
伊勢国坂下
14%
伊勢国庄野
13%

Score Distribution

Percentile by Number Answered

Percent of People with Each Score

Your Score History

You have not taken this quiz